Statistics for Top 10 Celtics Players Of All Time

Click here to take the quiz!

General Stats

  • This quiz has been taken 784 times
  • The average score is 7 of 10

Answer Stats

Rank Player % Correct
2Larry Bird
96%
1Bill Russell
92%
8Paul Pierce
85%
9Kevin Garnett
78%
5Kevin McHale
73%
3John Havlicek
70%
4Bob Cousy
64%
7Robert Parish
60%
10Sam Jones
37%
6Dave Cowens
24%

Score Distribution

Percentile by Number Answered

Percent of People with Each Score

Your Score History

You have not taken this quiz